000 00422nam a2200181Ia 4500
001 7530
005 20260306160502.0
008 260306t1993||||xx |||||||||||||| ||spa||
041 _aESP
082 _a339.2
_bF48
100 _aFigueroa, Adolfo
_eAUT
245 0 _aCrisis distributiva en el Perú
260 _c1993
300 _a202 páginas :
_c20 cm.
650 _aGEN
654 _aCAN
942 _cLIB
_dJUS
_fJUS
_2ddc
_n
999 _c7530
_d7530